000 00258nam a22001097a 4500
008 240708b |||||||| |||| 00| 0 eng d
100 _aMama, Warerkar
_916618
245 _aGeeta
260 _bBharti Gyanpeeth;
_c1966.
_aDelhi;
300 _a224p.
942 _cBK
999 _c40448
_d40448